| 000 | 00754nam a2200205 b 4500 | ||
|---|---|---|---|
| 001 | bimo0000541768 | ||
| 003 | OSt | ||
| 005 | 20140410213002.0 | ||
| 008 | 961213s1995 sp | ||| ||spa | ||
| 020 | _a84-7100-350-3 | ||
| 040 |
_aSpMaBN _cBMC |
||
| 082 | _a980.00142 | ||
| 110 | 2 |
_96221 _aFundación Mapfre |
|
| 245 | 1 |
_aClaves operativas para la historia de Iberoamérica _b: proyectos y actividades de la Fundación MAPFRE América y del Instituto Histórico Tavera _cFundación MAPFRE América, Instituto Histórico Tavera |
|
| 260 | 0 |
_aMadrid _bMAPFRE _c1995 |
|
| 300 |
_a448 p. _c24 cm |
||
| 610 | 2 | 4 |
_aFundación MAPFRE América _xInvestigación _99599 |
| 651 | 4 |
_99600 _aAmérica latina _xHistoria _vProyectos de investigación |
|
| 942 |
_2ddc _cBK |
||
| 999 |
_c4347 _d4347 |
||